LEADER 02630nam 22004573 450 001 9910838353403321 005 20230823200926.0 010 $a1-62705-550-9 035 $a(CKB)4330000000041162 035 $a(MiAaPQ)EBC7020673 035 $a(Au-PeEL)EBL7020673 035 $a(OCoLC)1333081554 035 $a(BIP)054517828 035 $a(EXLCZ)994330000000041162 100 $a20230823d2015 uy 0 101 0 $aeng 135 $aurcnu|||||||| 181 $ctxt$2rdacontent 182 $cc$2rdamedia 183 $acr$2rdacarrier 200 10$aSmarter Than Their Machines $eOral Histories of Pioneers in Interactive Computing 205 $a1st ed. 210 1$aSan Rafael :$cMorgan & Claypool Publishers,$d2015. 210 4$dİ2015. 215 $a1 online resource (218 pages) 225 1 $aACM Bks. 330 $aSmarter Than Their Machines: Oral Histories of the Pioneers of Interactive Computing is based on oral histories archived at the Charles Babbage Institute, University of Minnesota. Included are the oral histories of some key pioneers of the computer industry selected by John that led to interactive computing, such as Richard Bloch, Gene Amdahl, Herbert W. Robinson, Sam Wyly, J.C.R. Licklider, Ivan Sutherland, Larry Roberts, Robert Kahn, Marvin Minsky, Michael Dertouzos, and Joseph Traub, as well as his own. John has woven them together via introductions that is, in essence, a personal walk down the computer industry road. John had the unique advantage of having been part of, or witness to, much of the history contained in these oral histories beginning as a co-op student at Arthur D. Little, Inc., in the 1950's. Eventually, he would become a pioneer in his own right by creating the computer industry's first successful software products company (Cullinane Corporation). However, an added benefit of reading these oral histories is that they contain important messages for our leaders of today, at all levels, including that government, industry, and academia can accomplish great things when working together in an effective way. This is how the computer industry was created, which then led to the Internet, both totally unanticipated just 75 years ago. 410 0$aACM Bks. 517 $aSmarter Than Their Machines 606 $aComputer scientists 610 $aComputer Scientists 615 0$aComputer scientists. 676 $a004.0922 700 $aCullinane$b John$01731702 801 0$bMiAaPQ 801 1$bMiAaPQ 801 2$bMiAaPQ 906 $aBOOK 912 $a9910838353403321 996 $aSmarter Than Their Machines$94144805 997 $aUNINA